འབྲུག་གི་དངོས་མེད་ལམ་སྲོལ། (Record no. 8670)
[ view plain ]
| 000 -LEADER | |
|---|---|
| fixed length control field | 00528nam a22001577a 4500 |
| 008 - FIXED-LENGTH DATA ELEMENTS--GENERAL INFORMATION | |
| fixed length control field | 210308b ||||| |||| 00| 0 eng d |
| 020 ## - INTERNATIONAL STANDARD BOOK NUMBER | |
| International Standard Book Number | 9789993617228 |
| 082 ## - DEWEY DECIMAL CLASSIFICATION NUMBER | |
| Classification number | 954.98 DOR |
| 100 ## - MAIN ENTRY--PERSONAL NAME | |
| Personal name | Dorji, Jagar. |
| 245 ## - TITLE STATEMENT | |
| Title | འབྲུག་གི་དངོས་མེད་ལམ་སྲོལ། |
| 260 ## - PUBLICATION, DISTRIBUTION, ETC. | |
| Place of publication, distribution, etc. | Thimphu : |
| Name of publisher, distributor, etc. | Research & Media Division, National Library & Archives of Bhutan, |
| Date of publication, distribution, etc. | [2015] |
| 300 ## - PHYSICAL DESCRIPTION | |
| Extent | xxiv, 317 p. |
| Dimensions | 29 cm. |
| 650 ## - SUBJECT ADDED ENTRY--TOPICAL TERM | |
| Topical term or geographic name entry element | Bhutan -- Social life and customs. |
| 700 ## - ADDED ENTRY--PERSONAL NAME | |
| Personal name | Dorji, Jagar, |
| 942 ## - Added entry Elements (Koha) | |
| Source of classification or shelving scheme | Dewey Decimal Classification |
| Withdrawn status | Lost status | Source of classification or shelving scheme | Damaged status | Not for loan | Collection code | Home library | Current library | Shelving location | Date acquired | Serial Enumeration / chronology | Total Checkouts | Full call number | Barcode | Date last seen | Date last checked out | Price effective from | Koha item type |
|---|---|---|---|---|---|---|---|---|---|---|---|---|---|---|---|---|---|
| Dewey Decimal Classification | Dzongkha | RTC Library | RTC Library | Dzongkha | 08/03/2021 | 9928 | 3 | 954.98 DOR | 30005448 | 30/04/2024 | 15/04/2024 | 08/03/2021 | Dzongkha | ||||
| Dewey Decimal Classification | Dzongkha | RTC Library | RTC Library | Dzongkha | 11/07/2022 | 16469 | 1 | 954.98 DOR | 30015536 | 18/04/2025 | 11/04/2025 | 11/07/2022 | Dzongkha | ||||
| Dewey Decimal Classification | Reference | RTC Library | RTC Library | Reference | 11/07/2022 | 16470 | 954.98 DOR | 30015550 | 12/10/2023 | 11/07/2022 | Reference |